1463 1029 1552 1691 1032 1111 1501 1793 1468 1245 1881 1056 1622 1790 1540 1757 1170 1564 1753 1877 1477 1985 1124 1729 1951 1008 1918 1092 1006 1023 1689 1551 1566 1581 1369 1103 1446 1825 1866 1162 1528 1647 1236 1985 1621 1791 1788 1168 1456 1672 1207 1673 1865 1223 1051 1546 1558 1023 1932 1037 1015 1863 1170 1157 1780 1452 1605 1640 1622 1200 1249 1252 1940 1601 1283 1424 1467 1102 1317 1263 1088 1084 1841 1164 1587 1136 1110 1644 1664 1923 1883 1246 1634 1987 1608 1048 1967 1391 1857 BCNSPRNW ULIB Ver.6.0+V

เปลี่ยนเป็นภาษาไทย

Change to English
 แสดงรายละเอียดบรรณานุกรม
  กลับหน้าหลัก

Brief Record : Get Marc (ISO 2709) : E-mail record : QR code < ปิดหน้าต่าง
LEADER : 00000nam 2200000uu 4500
001    13399114356
003     ULIB
008    110627s||||||||th 000 0 tha d
020    9748327754
090    นว.^bค949ส ล.6
100 0  หวัง ซุก หยัง
245 00 สามก๊ก 6 ตอน เทพสงครามสิ้นชื่อ/^cหวัง ซุก หยัง
250    พิมพ์ครั้งที่ 1
260    กรุงเทพฯ :^bนานมีบุ๊คส์,^c2551
300    176 หน้า
710 1  นานมีบุ๊คส์
945    ^p158^l0^i024706
995    ทศพร
999 ^a ใช้งานได้ทุกระบบ
รายการนี้ยังไม่มีแท็ก
คุณยังไม่ได้ล็อกอิน คุณสามารถมีกิจกรรมร่วมกับเว็บไซต์ได้ แต่ต้องล็อกอินก่อน ::
  ล็อกอิน

รายการสื่อสารสนเทศ

ลำดับที่ ประเภท เลขเรียก/บาร์โค้ด สถานที่ สถานะ
1. นวนิยาย
นวนิยาย
นว. ค949ส ล.6 ฉ.1 
  Barcode: 024706
ห้องสมุดวิทยาเขตสวรรค์ประชารักษ์
►นวนิยาย
บนชั้น
  ขอยืม

รายการใกล้เคียง
    ผู้แต่ง [หวัง ซุก หยัง]

BibComment


ยังไม่เคยถูกคอมเมนท์

คอมเมนท์ทรัพยากรรายการนี้
  คอมเมนท์: สามก๊ก 6 ตอน เทพ..


 Copyright 2026. Bcnsprnw @Library